00941aab a2200241 i 4500001001000000003001000010005001700020008004100037040001900078041000800097100002800105245005400133520019300187546002300380650001800403650003400421650002600455650003300481773011100514942000800625945004900633999001700682768714001CO-MdFUSB20240802122519.0240802t1995 -us||||| |||| 00| 0 eng d bspacCO-MdFUSB aeng1 aHoedemaker, Berteautor 4aThe legacy of J. C. Hoekendijkc/ Bert Hoedemaker aJohannes Christiaan Hoekendijk es considerado a menudo como una figura influyente detrás de la llamada teología mundana que fue popular en el movimiento ecuménico de los años 1960. aTexto en inglés. 0aMisiones9154 0aBiografías cristianas91238 0aEvangelización9362 0a Ecumenismo xHistoria911460 tInternational Bulletin049483961013gVolumen 19, (número 4, 1995), páginas: 166 - 170qpágina: 166  cANA aCatherine Arias Álvarez - Practicante SENA c57451d57451